000 00794nam a2200253 i 4500
001 bg
100 1 _aMcGARIGAL, Kevin
245 1 0 _aMultivariate statistics for wildlife and ecology research /
_cKevin McGarigal, Sam Cushman, Susan Stafford.
260 _aNew York [etc.] :
_bSpringer,
_ccop. 2000.
300 _aXIII, 283 s. :
_brys., wykr. ;
_c24 cm.
504 _aBibliogr. - Indeks.
650 9 _aZwierzęta
_xekologia
_xbadanie
650 9 _aStatystyka matematyczna
_ametody
650 9 _aStatystyka matematyczna
_astosowanie
_aekologia
700 1 _aCUSHMAN, Sam
700 1 _aSTAFFORD, Susan
_d(1952- )
020 _a0387986421
040 _cBPK
041 0 _aen
080 _a574:519.2
920 _a0-387-98642-1
942 _cKS
008 s pl f |000 0 pol
999 _c38548
_d38548
856 _uhttp://koha.tu.koszalin.pl/cgi-bin/koha/opac-detail.pl?biblionumber=38548
_yKatalog online BPK